000 00370nam a2200145Ia 4500
008 100122s9999 xx 000 0 und d
082 _b26668
_a823
100 _aराजे शैलजा
245 _aसावर
260 _bदिलीप प्रकाशन
_c1978
300 _a168
630 _aसावर
730 _aसावर
942 _cBOOK
999 _c413079
_d413076